=LDR 00000nam 2200000 4500 =001 INLIS000000000006624 =005 20130612094736 =008 ***********************************Ind** =035 ##$$0010-061300000006624 =041 ##$$a Ind =082 ##$$a 92(Tengker) =090 ##$$a 92(Tengker), Ram a =100 ##$$a Rampan, Korrie Layun =245 ##$$a A.B.J. Tengker, perintis pendidikan manajemen di Indonesia, Korrie Layun Rampan; editor Robert Polandeng =260 ##$$a 1998 $b Jakarta =300 ##$$a xvii, 226, 21 cm =650 ##$$a Tengker, A =650 ##$$a B =650 ##$$a J, (1925-19991) =850 ##$$a NBPNMAT